书目信息 |
| 题名: |
应用光学
|
|
| 作者: | 高凤武 , 李继祥 主编 | |
| 分册: | ||
| 出版信息: | 北京 解放军出版社 1986.9 |
|
| 页数: | 343页 | |
| 开本: | 26cm | |
| 丛书名: | ||
| 单 册: | ||
| 中图分类: | O439 | |
| 科图分类: | ||
| 主题词: | 应用光学 | |
| 电子资源: | ||
| ISBN: | ||
| 000 | 00578nam0 2200217 45 | |
| 001 | 0312221749 | |
| 005 | 20041224113202.1 | |
| 010 | @dCNY5.20 | |
| 091 | @a13185.2 | |
| 100 | @a20031222d1986 km y0chiy0120 ea | |
| 101 | @achi | |
| 105 | @a z 000yy | |
| 200 | 1 | @a应用光学@AYing Yong Guang Xue@f高凤武,李继祥主编@FGao Feng Wu,Li Ji Xiang Zhu Bian |
| 210 | @a北京@c解放军出版社@d1986.9 | |
| 215 | @a343页@d26cm | |
| 606 | 0 | @a应用光学 |
| 690 | @aO439@v3 | |
| 701 | 0 | @a高凤武@4主编 |
| 701 | 0 | @a李继祥@4主编 |
| 801 | @aCN@bTSTCL@c20031222 | |
| 905 | @dO439@e25@f1@b204590 | |
| 应用光学/高凤武,李继祥主编.-北京:解放军出版社,1986.9 |
| 343页;26cm |
| ISBN :CNY5.20 |
| ● |
| 相关链接 |
|
|
|
|
正题名:应用光学
索取号:O439/25
 
预约/预借
| 序号 | 登录号 | 条形码 | 馆藏地/架位号 | 状态 | 备注 |
| 1 | 0204587 | 001461545 | 第三借阅区/ [索取号:O439/25] | 在馆 | |
| 2 | 0204588 | 001461536 | 第三借阅区/ [索取号:O439/25] | 在馆 | |
| 3 | 0204589 | 001944640 | 第三借阅区/ [索取号:O439/25] | 在馆 | |
| 4 | 0204590 | 001971218 | 第三借阅区/ [索取号:O439/25] | 在馆 | |
| 5 | 0204591 | 001461527 | 第二样本阅览室/ [索取号:O439/25] | 在馆 |